banner-ar

التحفة اللطيفة فى تاريخ المدينة الشريفة / (Record no. 40799)

MARC details
000 -الفاتح
حقل البيانات ثابتة الطول 00652nam a2200193Ia 4500
008 - عناصر البيانات ثابتة الطول - معلومات عامة
حقل البيانات ثابتة الطول 140319s9999 xx 000 0 ara d
040 ## - مصدر الفهرسة
وكالة الفهرسة الأصلية GCL /
وكالة النسخ GCL
082 04 - رقم تصنيف ديوى العشرى
رقم التصنيف 953.122
رقم المادة س ت
100 1# - المدخل الرئيسى - إسم شخصى
الإسم الشخصى السخاوى, شمس الدين محمد بن عبد
245 10 - بيان العنوان
العنوان التحفة اللطيفة فى تاريخ المدينة الشريفة /
بيان المسئوليه,etc السخاوى, شمس الدين محمد بن عبد
300 ## - الوصف المادى
التعداد 601 ص
490 ## - بيان السلسلة
عنوان السلسلة
650 04 - المدخل الاضافى بالموضوع-مصطلح موضوعى
مصطلح موضوعي السعودية
650 04 - المدخل الاضافى بالموضوع-مصطلح موضوعى
مصطلح موضوعي المدن - السعودية
650 04 - المدخل الاضافى بالموضوع-مصطلح موضوعى
مصطلح موضوعي المدينة المنورة، تاريخ
650 04 - المدخل الاضافى بالموضوع-مصطلح موضوعى
مصطلح موضوعي السعودية - تاريخ
942 ## - عناصر المدخل الإضافي( كوها)
مصدر التصنيف او مخطط الترفيف Dewey Decimal Classification
Koha [default] item type كتاب
Holdings
حالة التراجع حالة الفقد حالة تلف ليس للاعارة المكان المؤقت الموقع الحالى تاريخ الاكتساب اجمالي اﻻعارات رقم الطلب الباركود تاريخ اخر مشاهدة تاريخ تفعيل السعر نوع وعاء كوها
        مكتبة القاهرة الكبرى مكتبة القاهرة الكبرى 03/26/2014   953.122\س ت 98527 03/26/2014 03/26/2014 كتاب
        مكتبة القاهرة الكبرى مكتبة القاهرة الكبرى 03/26/2014   953.122\س ت 98528 03/26/2014 03/26/2014 كتاب

Powered By

EGPV